Normal view
MARC view
- Supervisor Dr. Muwahida Liaquat
Entry Corporate Name
001 - CONTROL NUMBER
- control field: 84919
003 - CONTROL NUMBER IDENTIFIER
- control field: NUST
005 - DATE AND TIME OF LATEST TRANSACTION
- control field: 20211123115532.0
008 - FIXED-LENGTH DATA ELEMENTS
- fixed length control field: 211123|| aca||aabn | a|a d
040 ## - CATALOGING SOURCE
- Original cataloging agency: NUST
- Transcribing agency: NUST
110 ## - HEADING--CORPORATE NAME
- Corporate name or jurisdiction name as entry element: Supervisor Dr. Muwahida Liaquat
670 ## - SOURCE DATA FOUND
- Source citation: Work cat.: (NUST): Nabeel Hasan 84918, TH-SOF-1846-Development of New Frequency Weighted Model Reduction Technique, 2021.
